Statistics for Golf Trivia

Click here to take the quiz!

General Stats

  • This quiz has been taken 4,511 times
  • The average score is 13 of 20

Answer Stats

Question Answer % Correct
What is the term for finishing a hole two under par?Eagle
96%
Who has won the second most?Tiger Woods
94%
What word does a golfer yell that means "look out"?Fore
92%
What type of jacket does the winner of the Masters get to wear?{Green} Jacket
91%
What biennial competition pits golfers from the United States
against golfers from Europe?
{Ryder} Cup
82%
Which golfer has won the most major championships?Jack Nicklaus
72%
What is the one-word term for finishing a hole three under par?Albatross
70%
What city hosts the Masters Tournament?Augusta
70%
What golf movie starred Bill Murray, Rodney Dangerfield, and Chevy Chase?Caddyshack
69%
In what Scottish town would you find the world's oldest golf course?St Andrews
67%
What is the opposite of a slice?Hook
64%
What Callaway driver, released in 1991, was named after a Howitzer cannon?Big {Bertha}
62%
What is Greg Norman's nickname?The Great White Shark
59%
What golfer was known as "The King"?Arnold Palmer
57%
What older type of golf course is built near the shore, often amid dunes?Links
56%
What golf movie starred Kevin Costner?Tin Cup
53%
What is like a slice but less extreme, and perhaps done intentionally?Fade
51%
What is Phil Mickelson's nickname?Lefty
45%
Who became, in 1997, the first golfer to average over 300 yards per drive
for an entire PGA season?
John Daly
38%
Which female golfer has won the most professional tournaments?Annika Sörenstam
25%

Score Distribution

Percentile by Number Answered

Percent of People with Each Score

Your Score History

You have not taken this quiz